BUBT Library Online Catalog

Organizational Behavior (Record no. 1062)

000 -LEADER
fixed length control field 00619nam a2200229Ia 4500
003 - CONTROL NUMBER IDENTIFIER
control field BUBTL
008 - FIXED-LENGTH DATA ELEMENTS--GENERAL INFORMATION
fixed length control field 151213s9999 xx 000 0 und d
020 ## - INTERNATIONAL STANDARD BOOK NUMBER
International Standard Book Number 0-07-231288-2
082 ## - DEWEY DECIMAL CLASSIFICATION NUMBER
Classification number 658.4 / L97o
100 ## - MAIN ENTRY--PERSONAL NAME
Personal name Luthans, Fred
9 (RLIN) 1513
245 ## - TITLE STATEMENT
Title Organizational Behavior
Statement of responsibility, etc. Fred Luthans
250 ## - EDITION STATEMENT
Edition statement 9th
260 ## - PUBLICATION, DISTRIBUTION, ETC. (IMPRINT)
Place of publication, distribution, etc. Boston
Name of publisher, distributor, etc. McGraw hill
Date of publication, distribution, etc. c2002
300 ## - PHYSICAL DESCRIPTION
Extent [xviii] , 644p . :
Other physical details ill , 22cm .
500 ## - GENERAL NOTE
General note Includes Index .
650 ## - SUBJECT ADDED ENTRY--TOPICAL TERM
Topical term or geographic name as entry element Management
9 (RLIN) 2865
650 ## - SUBJECT ADDED ENTRY--TOPICAL TERM
Topical term or geographic name as entry element Management
9 (RLIN) 2865
700 ## - ADDED ENTRY--PERSONAL NAME
Personal name Fred Luthans
9 (RLIN) 2866
856 ## - ELECTRONIC LOCATION AND ACCESS
Password 0
Logon 0
Link text Download
942 ## - ADDED ENTRY ELEMENTS (KOHA)
Source of classification or shelving scheme
Koha item type Books
Holdings
Withdrawn status Lost status Source of classification or shelving scheme Damaged status Not for loan Collection code Permanent location Current location Shelving location Date acquired Inventory number Total Checkouts Full call number Barcode Date last seen Copy number Price effective from Koha item type
          Non-fiction Bangladesh University of Business and Technology Library Bangladesh University of Business and Technology Library Management Stacks 11/19/2017 1088   658.4 LUM BUBTL-20031088 11/19/2017 C-1 11/19/2017 Books
          Non-fiction Bangladesh University of Business and Technology Library Bangladesh University of Business and Technology Library Management Stacks 01/03/2020 1090   658.4 / L97o BUBTL-20031090 01/03/2020 C-2 01/03/2020 Books
          Non-fiction Bangladesh University of Business and Technology Library Bangladesh University of Business and Technology Library Management Stacks 02/05/2020 1087   658.4 / L97o BUBTL-20031087 02/05/2020 C-3 02/05/2020 Books

More Information About Library

Library Hours

  • Open: 9.00 am. to 9.00 pm.
  • Only Sunday: 9.00 am. to 6.00 pm.
  • Closed: Holiday

Contact to the University

Bangladesh University of Business and Technology Library

  • Mirpurl-2, 1216.
  • Phone:
  • Fax:
  • E-Mail: admin.library@bubt.edu.bd

Contact to the Library

Contact Person:

Md. Abdul Hakim Shah
Joint Librarian
PABX No:  113
Cell No: 01816332931
E-mail: official: admin.library@bubt.edu.bd
Personal: hakim.shah@bubt.edu.bd


BUBT Library

Copyright © 2021